Histoire de la révolution de 1848 / (Record no. 156933)

MARC details
000 -LEADER
campo de control de longitud fija 00642nam a2200181 i 4500
001 - NÚMERO DE CONTROL
campo de control 156933
003 - IDENTIFICADOR DE NÚMERO DE CONTROL
campo de control ES-MaACL
005 - FECHA Y HORA DE LA ÚLTIMA TRANSACCIÓN
campo de control 20250702194447.0
008 - DATOS DE LONGITUD FIJA--INFORMACIÓN GENERAL
campo de control de longitud fija 990212s1849 fr |||| | fre d
040 ## - FUENTE DE CATALOGACIÓN
Centro catalogador/agencia de origen CCPB | B
Lengua de catalogación spa
Centro/agencia transcriptor CCPB | B
100 1# - ENTRADA PRINCIPAL--NOMBRE DE PERSONA
Nombre de persona Lamartine, Alphonse de,
Fechas asociadas al nombre 1790-1869
9 (RLIN) 69776
245 10 - MENCIÓN DEL TÍTULO
Título Histoire de la révolution de 1848 /
Mención de responsabilidad, etc. par A. de Lamartine.
260 ## - PUBLICACIÓN, DISTRIBUCIÓN, ETC.
Lugar de publicación, distribución, etc. Paris :
Nombre del editor, distribuidor, etc. Perrotin,
Fecha de publicación, distribución, etc. 1849 (
Fabricante Imprimerie de J. Claye et C\pe\s)
300 ## - DESCRIPCIÓN FÍSICA
Extensión 2 v. ;
Dimensiones 23 cm.
651 #7 - PUNTO DE ACCESO ADICIONAL DE MATERIA--NOMBRE GEOGRÁFICO
Nombre geográfico Francia-
Subdivisión general Historia-
Subdivisión cronológica 1848, Revolución de febrero
Fuente del encabezamiento o término
9 (RLIN) 147659
852 ## - LOCALIZACIÓN
Ubicación ES-MaACL
Número de control de estantería F-8380-8381
Nota libre -- Enc. hol.
Holdings
Estatus retirado Estado de pérdida Estado de daño No para préstamo Colección Biblioteca de origen Biblioteca actual Ubicación en estantería Fecha de adquisición Fuente de adquisición Total de préstamos Signatura topográfica completa Código de barras Visto por última vez Precio de reemplazo Tipo de ítem Koha
        Libros del s. XIX Biblioteca del Ateneo de Madrid Biblioteca del Ateneo de Madrid Sala Pecera Planta 2 17/01/2008     F-8380-8381 1164196 23/02/2023 23/02/2023 Libro impreso antiguo